Veränderungen im sächsischen Jugendstrafvollzug im Zeitverlauf: zugleich Vorstellung einer neuen Online-Plattform, die Evaluationsergebnisse präsentiert

Saved in:  
Bibliographic Details
Authors: Hartenstein, Sven (Author) ; Hinz, Sylvette (Author) ; Meischner-Al-Mousawi, Maja 1972- (Author)
Format: Print Article
Language:German
Published: 2025
In: Forum Strafvollzug
Year: 2025, Volume: 74, Issue: 5, Pages: 311-313
Check availability: HBZ Gateway
Keywords:

MARC

LEADER 00000naa a2200000 c 4500
001 1965624308
003 DE-627
005 20260318075327.0
007 tu
008 260318s2025 xx ||||| 00| ||ger c
035 |a (DE-627)1965624308 
035 |a (DE-599)KXP1965624308 
040 |a DE-627  |b ger  |c DE-627  |e rda 
041 |a ger 
084 |a 2,1  |2 ssgn 
100 1 |a Hartenstein, Sven  |e VerfasserIn  |0 (DE-588)1268138738  |0 (DE-627)181671917X  |4 aut 
109 |a Hartenstein, Sven  |a Hartenstein, S. 
245 1 0 |a Veränderungen im sächsischen Jugendstrafvollzug im Zeitverlauf  |b zugleich Vorstellung einer neuen Online-Plattform, die Evaluationsergebnisse präsentiert  |c Sven Hartenstein, Sylvette Hint, Maja Meischner-Al Mousawi 
264 1 |c 2025 
300 |b Illustrationen 
336 |a Text  |b txt  |2 rdacontent 
337 |a ohne Hilfsmittel zu benutzen  |b n  |2 rdamedia 
338 |a Band  |b nc  |2 rdacarrier 
500 |a Literaturverzeichnis: Seite 313 
650 4 |a Jugendstrafvollzug  |7 (dpeaa)DE-21/26-fid2,1 
650 4 |a Sozialdienst  |7 (dpeaa)DE-21/26-fid2,1 
650 4 |a Gewaltprävention  |7 (dpeaa)DE-21/26-fid2,1 
650 4 |a Rückfallprävention  |7 (dpeaa)DE-21/26-fid2,1 
651 4 |a Sachsen  |7 (dpeaa)DE-21/26-fid2,1 
700 1 |a Hinz, Sylvette  |e VerfasserIn  |0 (DE-588)1268212156  |0 (DE-627)1816762601  |4 aut 
700 1 |a Meischner-Al-Mousawi, Maja  |d 1972-  |e VerfasserIn  |0 (DE-588)130881635  |0 (DE-627)507233824  |0 (DE-576)250255065  |4 aut 
773 0 8 |i Enthalten in  |t Forum Strafvollzug  |d Wiesbaden : Ges. für Fortbildung der Strafvollzugsbediensteten, 2007  |g 74(2025), 5, Seite 311-313  |w (DE-627)52370271X  |w (DE-600)2268640-X  |w (DE-576)261472836  |x 1865-1534  |7 nnas 
773 1 8 |g volume:74  |g year:2025  |g number:5  |g pages:311-313 
951 |a AR 
AKB |a 56.2007 ff  |b Z.01 
ELC |b 1 
LOK |0 000 xxxxxcx a22 zn 4500 
LOK |0 001 4937774514 
LOK |0 003 DE-627 
LOK |0 004 1965624308 
LOK |0 005 20260318075327 
LOK |0 008 260318||||||||||||||||ger||||||| 
LOK |0 040   |a DE-2619  |c DE-627  |d DE-2619 
LOK |0 092   |o n 
LOK |0 852   |a DE-2619 
LOK |0 852 1  |9 00 
LOK |0 935   |a ifka 
LOK |0 939   |a 2026-03-18  |b l01 
ORI |a WA-MARC-krimdoka001.raw